[Event "AUTO-INT-974"]
[Site "http://www.queenalice.com/game.php?id=436412"]
[Date "2008.7.20"]
[Round "1"]
[White "ricardosf"]
[Black "malcon_2006"]
[Result "0-1"]
[WhiteElo "1449"]
[BlackElo "1595"]

1. e4 e5 2. Bc4 Nh6 3. Nc3 b6 4. Bd5 c6 5. Bc4 Qf6 6. Qf3 d6 7. Qxf6 gxf6 8. d3
b5 9. Bb3 Bb7 10. Bxh6 Bxh6 11. a4 Rg8 12. axb5 cxb5 13. Nxb5 Kd7 14. c4 Rxg2
15. Ba4 Bc6 16. b4 Ke7 17. c5 Na6 18. cxd6+ Kd7 19. Kf1 Nxb4 20. Kxg2 Nxd3 21.
f4 Nxf4+ 22. Kf2 Nd3+ 23. Ke2 Nf4+ 24. Kd2 Nd5+ 25. Ke2 a6 26. Nc7 Nc3+ 27. Kd3
Nxa4 28. Nxa8 Nc5+ 29. Kc4 Nxe4 30. Rxa6 Nf2 31. Ra7+ Kxd6 32. Nh3 Nxh1 33. Nb6
e4 34. Nc8+ Ke6 35. Re7+ Kf5 36. Kc5 Ba4 37. Nd6+ Kg4 38. Kb4 Bc2 39. Nxe4 Kxh3
40. Nxf6 Nf2 41. Rxf7 Kxh2 42. Kc3 Bd1 43. Rxh7 Kg1 44. Rxh6 Bf3 45. Rg6+ Kf1
46. Rg3 Nd1+ 47. Kd3 Kf2 48. Ne4+ Bxe4+ 49. Kxe4 Kxg3 0-1

[Event "AUTO-INT-974"]
[Site "http://www.queenalice.com/game.php?id=436413"]
[Date "2008.7.20"]
[Round "1"]
[White "malcon_2006"]
[Black "ricardosf"]
[Result "1-0"]
[WhiteElo "1564"]
[BlackElo "1515"]

1. e4 b6 2. g3 Ba6 3. Bg2 Nc6 4. c3 g6 5. b3 e6 6. Qe2 Bxe2 7. Nxe2 f5 8. exf5
gxf5 9. O-O h5 10. d4 h4 11. Nd2 d5 12. Nf3 hxg3 13. fxg3 Bh6 14. Ba3 Be3+ 15.
Kh1 Nf6 16. Nh4 Ng4 17. Bc1 Bxc1 18. Raxc1 Ne3 19. Rf2 Nxg2 20. Rxg2 Qg5 21. Re1
f4 22. Nf3 Qh5 23. Ng5 Qxg5 24. gxf4 Qh4 25. Ng3 Qxf4 26. Rxe6+ Kd7 27. Ree2
Rae8 28. Ref2 Re1+ 29. Nf1 Rxf1+ 30. Rxf1 Qxf1+ 31. Rg1 Qf3+ 32. Rg2 Qf1+ 33.
Rg1 Rxh2+ 34. Kxh2 Qf4+ 35. Rg3 Qh4+ 36. Kg2 Qe4+ 37. Kh2 Ne7 38. a4 Nf5 39. Rg2
Nh4 40. Rg7+ Kd6 41. Kh3 Ke6 42. Rg4 Qh1+ 43. Kg3 Qe1+ 44. Kh3 c5 45. Rxh4 1-0

[Event "Challenge"]
[Site "http://www.queenalice.com/game.php?id=476796"]
[Date "2008.10.13"]
[Round "-"]
[White "a28112811"]
[Black "malcon_2006"]
[Result "1-0"]
[WhiteElo "1679"]
[BlackElo "1554"]

1. d4 e6 2. Nc3 b6 3. Bf4 Bb7 4. Nf3 Na6 5. e4 Nb4 6. a3 c5 7. axb4 cxd4 8. Nb5
Bxb4+ 9. c3 dxc3 10. bxc3 Bc5 11. Bd6 Qc8 12. Bxc5 Qxc5 13. Nd6+ Kd8 14. Nxb7+
Ke7 15. Nxc5 bxc5 16. Bb5 Nf6 17. e5 Ne4 18. Qxd7+ Kf8 19. Bc6 g6 20. Bxa8 Kg7
21. Bxe4 Rf8 22. Rxa7 h5 23. Ng5 Kh6 24. Nxf7+ 1-0

[Event "AUTO-OPEN-1345"]
[Site "http://www.queenalice.com/game.php?id=497165"]
[Date "2008.11.23"]
[Round "1"]
[White "limenho"]
[Black "malcon_2006"]
[Result "1-0"]
[WhiteElo "2044"]
[BlackElo "1523"]

1. c4 e5 2. Nc3 c6 3. e4 g6 4. d4 Bg7 5. Be3 Nh6 6. f3 b6 7. Qd2 d6 8. O-O-O Na6
9. dxe5 Bxe5 10. Bxh6 b5 11. cxb5 cxb5 12. Bxb5+ Ke7 13. Nd5+ Ke6 14. f4 Bb7 15.
fxe5 Rc8+ 16. Kb1 Nc5 17. Nf4+ Ke7 18. exd6+ Kf6 19. Qd4# 1-0

[Event "AUTO-OPEN-1345"]
[Site "http://www.queenalice.com/game.php?id=497166"]
[Date "2008.11.23"]
[Round "1"]
[White "malcon_2006"]
[Black "limenho"]
[Result "0-1"]
[WhiteElo "1515"]
[BlackElo "2048"]

1. e4 c5 2. b3 e6 3. Bb2 Nf6 4. d3 d5 5. g3 dxe4 6. Bg2 exd3 7. cxd3 Be7 8. Nh3
O-O 9. Nd2 Qxd3 10. Nf4 Qd8 11. O-O Qc7 12. Ne4 Nxe4 13. Bxe4 Nc6 14. Qg4 e5 15.
Nh5 Bxg4 16. Nxg7 Kxg7 17. f3 Bh3 18. Rfd1 c4 19. bxc4 Qb6+ 20. Kh1 Qf2 21. Rg1
Rad8 22. Bc3 f5 23. Bd3 Qxf3+ 0-1

[Event "AUTO-INT-1131"]
[Site "http://www.queenalice.com/game.php?id=506059"]
[Date "2008.12.11"]
[Round "1"]
[White "rhardt"]
[Black "malcon_2006"]
[Result "1-0"]
[WhiteElo "1677"]
[BlackElo "1590"]

1. e4 e5 2. Nf3 g6 3. Bc4 Qe7 4. O-O Bg7 5. c3 Nf6 6. Re1 c6 7. d4 d6 8. Bg5 b5
9. Bb3 O-O 10. Bc2 Qe6 11. Nbd2 exd4 12. cxd4 Nh5 13. e5 Qd5 14. Bb3 Qxf3 15.
Qxf3 Bf5 16. g4 Bd7 17. gxh5 h6 18. Bf6 Bxf6 19. Qxf6 gxh5 20. Kh1 Na6 21. Rg1+
Bg4 22. Qxh6 Nc7 23. Qxh5 d5 24. Rxg4# 1-0

[Event "AUTO-INT-1131"]
[Site "http://www.queenalice.com/game.php?id=506060"]
[Date "2008.12.11"]
[Round "1"]
[White "malcon_2006"]
[Black "rhardt"]
[Result "0-1"]
[WhiteElo "1605"]
[BlackElo "1641"]

1. e4 e5 2. Qf3 Nf6 3. g3 Bc5 4. Bg2 O-O 5. d3 c6 6. Bg5 d6 7. Nc3 Be6 8. Nh3
Nbd7 9. O-O h6 10. Bxf6 Nxf6 11. a3 a5 12. Rab1 d5 13. Rbd1 Qd7 14. Na4 Ba7 15.
Rde1 Bxh3 16. Bxh3 Qxh3 17. exd5 Ng4 18. d4 Qxh2# 0-1

[Event "AUTO-INT-1131"]
[Site "http://www.queenalice.com/game.php?id=506075"]
[Date "2008.12.11"]
[Round "1"]
[White "Delferrer"]
[Black "malcon_2006"]
[Result "1-0"]
[WhiteElo "1764"]
[BlackElo "1521"]

1. e4 e5 2. Nf3 g6 3. b3 Bg7 4. Bb2 d6 5. d4 exd4 6. Nxd4 c6 7. Nxc6 bxc6 8.
Bxg7 Qa5+ 9. c3 f6 10. Bxh8 Qg5 11. Nd2 Nh6 12. h3 Qe5 13. c4 f5 14. Bxe5 dxe5
15. c5 f4 16. f3 Nd7 17. Nc4 Nxc5 18. Nd6+ Kf8 19. Bc4 Bd7 20. Qd2 Ke7 21. Rd1
Rd8 22. b4 Ne6 23. Nb7 Rb8 24. Qd6+ Ke8 25. Qxd7+ Kf8 26. Bxe6 1-0

[Event "AUTO-INT-1131"]
[Site "http://www.queenalice.com/game.php?id=506076"]
[Date "2008.12.11"]
[Round "1"]
[White "malcon_2006"]
[Black "Delferrer"]
[Result "0-1"]
[WhiteElo "1530"]
[BlackElo "1757"]

1. e4 e5 2. Qf3 d6 3. Bc4 Nf6 4. d3 Bg4 5. Qg3 g6 6. c3 a6 7. f3 Be6 8. Bxe6
fxe6 9. Qxg6+ hxg6 10. Bg5 Nbd7 11. Nh3 Bg7 12. Na3 Nc5 13. b4 Nxd3+ 14. Ke2 Nb2
15. f4 exf4 16. Nxf4 Kf7 17. Rab1 Na4 18. Nc4 Nxc3+ 19. Kf2 Nxb1 20. Rxb1 Nxe4+
21. Kg1 Qxg5 22. Rf1 Ke7 23. Ne2 d5 24. Na5 Qe3+ 0-1

[Event "AUTO-INT-1131"]
[Site "http://www.queenalice.com/game.php?id=506085"]
[Date "2008.12.11"]
[Round "1"]
[White "GeorgeAlexander"]
[Black "malcon_2006"]
[Result "1-0"]
[WhiteElo "1501"]
[BlackElo "1577"]

1. d3 g6 2. Bg5 Bg7 3. Nc3 h6 4. Bf4 e5 5. Bg3 d6 6. e4 c6 7. Nf3 f5 8. Qd2 g5
9. O-O-O Qb6 10. Na4 Qc7 11. d4 fxe4 12. dxe5 dxe5 13. Nxe5 Bxe5 14. Bxe5 Qe7
15. Bxh8 Nf6 16. Bxf6 Qxf6 17. Nc3 a5 18. Nxe4 Qe6 19. Nd6+ Kd8 20. Bc4 Qe7 21.
Rhe1 Qf6 22. Re8+ Kc7 23. Rxc8+ Kb6 24. Ne4 Qe6 25. Qd4+ 1-0

[Event "AUTO-INT-1131"]
[Site "http://www.queenalice.com/game.php?id=506086"]
[Date "2008.12.11"]
[Round "1"]
[White "malcon_2006"]
[Black "GeorgeAlexander"]
[Result "0-1"]
[WhiteElo "1546"]
[BlackElo "1536"]

1. e4 e5 2. Qf3 Bc5 3. g3 d6 4. Bc4 Nf6 5. d3 Bg4 6. Qxf6 Qxf6 7. f3 Bxg1 8.
Rxg1 Qxf3 9. Nc3 Nc6 10. Rf1 Qg2 11. Bxf7+ Kd8 12. Nd5 Kd7 13. Nc3 Nd4 14. Rf2
Qg1+ 15. Rf1 Nxc2+ 16. Kd2 Qxf1 17. Kxc2 Qxf7 18. b4 c6 19. a4 Qf2+ 20. Bd2 Qxh2
21. Rf1 Raf8 22. Rd1 Bxd1+ 23. Kxd1 Qxg3 24. Kc2 Rf2 25. Nd1 h5 26. Kc3 h4 27.
Be1 Qf3 28. Bxf2 Qxd1 0-1